Zmeny v antioxidačnej odpovedi v srdci hypertenzného potkana

Guardado en:
Detalles Bibliográficos
Autor principal: Kvandová, Miroslava
Formato: Software Libro
Lenguaje:eslovaco
Publicado: Bratislava STU FCHPT 2012
Acceso en línea:Ver en el OPAC
Etiquetas: Agregar Etiqueta
Sin Etiquetas, Sea el primero en etiquetar este registro!

MARC

LEADER 00000nam a2200000 a 4500
005 20260127134208.0
007 co ugu
008 120924 2012 xo 000 0 slo d
035 |a vtls010452774 
039 9 |y 201209241133  |z mschk03 
040 |a STUSCHK1  |b slo  |c STUSCHK1  |e AACR2 
100 1 |a Kvandová, Miroslava 
245 1 |a Zmeny v antioxidačnej odpovedi v srdci hypertenzného potkana  |c Miroslava Kvandová 
260 |a Bratislava  |b STU FCHPT  |c 2012 
300 |a 1 elektronický disk 
500 |a Obháj.: 9.7. 2012 
500 |a Študijný program: biotechnológia 
500 |a Študijný odbor: 5.2.25 biotechnológie 
500 |a Bakalárska práca na CD-ROMe 
500 |a Školiace pracovisko: Ústav normálnej a patologickej fyziológie SAV, Bratislava 
500 |a Evidenčné číslo: 5419-69394 
910 |a SCHK95 
999 |c 6397  |d 6397